Pays d'Europe avec un V, W, X, Y, Z - Statistiques

Statistiques générales
  • Ce quiz a été pris 240 fois
    224 depuis la dernière actualisation
  • Le résultat moyen est 7 sur 10
Statistiques - réponses
Hint Réponse % Correct
V Vatican
91%
X Luxembourg
81%
Z Bosnie-Herzégovine
76%
V Slovaquie
76%
V Slovénie
76%
V Norvege
73%
Y Royaume-Uni
67%
V Kosovo
65%
Y Pays-Bas
65%
V Moldavie
60%
Aucun quiz correspondant
Distribution des résultats
% des personnes avec chaque résultat
Percentile par nombre de réponses
Votre historique - résultats
Vous n’avez pas pris ce quiz depuis la dernière actualisation